MARC details
| 000 -CABECERA |
| campo de control de longitud fija |
01365nam a2200313 a 4500 |
| 001 - NÚMERO DE CONTROL |
| campo de control |
|
| 003 - IDENTIFICADOR DEL NÚMERO DE CONTROL |
| campo de control |
DO-SdBNP |
| 005 - FECHA Y HORA DE LA ÚLTIMA TRANSACCIÓN |
| campo de control |
20251204073702.0 |
| 008 - DATOS DE LONGITUD FIJA--INFORMACIÓN GENERAL |
| campo de control de longitud fija |
090707s2016 dr c r 000 0 spa d |
| 020 ## - NÚMERO INTERNACIONAL ESTÁNDAR DEL LIBRO |
| Número Internacional Estándar del Libro |
9789945481730 |
| 040 ## - FUENTE DE LA CATALOGACIÓN |
| Centro catalogador/agencia de origen |
DO-SdBNP |
| Lengua de catalogación |
spa |
| Centro/agencia transcriptor |
DO-SdBNP |
| 049 ## - FONDOS LOCALES (OCLC) |
| Fondos de biblioteca |
|
| 082 #4 - NÚMERO DE LA CLASIFICACIÓN DECIMAL DEWEY |
| Número de clasificación |
342.7293 |
| Número de documento/Ítem |
Y47j |
| 100 1# - ENTRADA PRINCIPAL--NOMBRE DE PERSONA |
| Nombre de persona |
Yépez Suncar, Luis S. |
| Forma completa/desarrollada del nombre |
|
| 9 (RLIN) |
10416 |
| 245 13 - MENCIÓN DE TÍTULO |
| Título |
El juicio político a la luz del debido proceso / |
| Mención de responsabilidad, etc. |
Luis S. Yépez Suncar ; prólogo Cristóbal Rodríguez Gómez y Abraham García Chávarri |
| 250 ## - MENCIÓN DE EDICIÓN |
| Mención de edición |
|
| 260 ## - PUBLICACIÓN, DISTRIBUCIÓN, ETC. |
| Lugar de publicación, distribución, etc. |
Santo Domingo : |
| Nombre del editor, distribuidor, etc. |
Corripio, |
| Fecha de publicación, distribución, etc. |
1989. |
| 300 ## - DESCRIPCIÓN FÍSICA |
| Extensión |
143 p. : |
| Otras características físicas |
ilustraciones, retrs. ; |
| Dimensiones |
22 cm. |
| 500 ## - NOTA GENERAL |
| Nota general |
Incluye datos biográficos del autor en la solapa. |
| 504 ## - NOTA DE BIBLIOGRAFÍA, ETC. |
| Nota de bibliografía, etc. |
Incluye referencias bibliográficas y notas a pie de páginas |
| 586 ## - NOTA DE PREMIOS |
| Nota de premios |
Este libro fue premiado por la Federación Interaméricana de Abogados, en la XXVI conferencia de la entidad internacional, celebrada del 9-15 de mayo del 1987, en Buenos Aires, Argentina. |
| 650 #7 - PUNTO DE ACCESO ADICIONAL DE MATERIA--TÉRMINO DE MATERIA |
| Término de materia o nombre geográfico como elemento de entrada |
Gobernabilidad |
| Subdivisión geográfica |
República Dominicana |
| 9 (RLIN) |
10417 |
| 650 #0 - PUNTO DE ACCESO ADICIONAL DE MATERIA--TÉRMINO DE MATERIA |
| Término de materia o nombre geográfico como elemento de entrada |
Administración de justicia |
| Subdivisión general |
Aspectos políticos |
| 9 (RLIN) |
10083 |
| 651 #7 - PUNTO DE ACCESO ADICIONAL DE MATERIA--NOMBRE GEOGRÁFICO |
| Nombre geográfico |
República Dominicana |
| Subdivisión general |
Derecho constitucional. |
| Fuente del encabezamiento o término |
Lemb |
| 9 (RLIN) |
9303 |
| 700 1# - PUNTO DE ACCESO ADICIONAL--NOMBRE DE PERSONA |
| Nombre de persona |
Rodríguez Gómez, Cristóbal |
| Término indicativo de función/relación |
pról. |
| 9 (RLIN) |
10408 |
| 700 1# - PUNTO DE ACCESO ADICIONAL--NOMBRE DE PERSONA |
| Nombre de persona |
García Chávarri, Abraham |
| Término indicativo de función/relación |
pról. |
| 9 (RLIN) |
76945 |
| 942 ## - ELEMENTOS DE PUNTO DE ACCESO ADICIONAL (KOHA) |
| Fuente del sistema de clasificación o colocación |
Dewey Decimal Classification |
| Tipo de ítem Koha |
Libro |
| 956 ## - LOCALIZACIÓN Y ACCESO ELECTRÓNICOS LOCAL (OCLC) |
| Nombre del host |
VMateo |